Studi storico-politici sulle libertà moderne d'Europa dal 1789 al 1852 / (Registro nro. 159042)

Detalles MARC
000 -LEADER
campo de control de longitud fija 00696nam a22002055i 4500
001 - NÚMERO DE CONTROL
campo de control 159042
003 - IDENTIFICADOR DE NÚMERO DE CONTROL
campo de control ES-MaACL
005 - FECHA Y HORA DE LA ÚLTIMA TRANSACCIÓN
campo de control 20230906211427.0
008 - DATOS DE LONGITUD FIJA--INFORMACIÓN GENERAL
campo de control de longitud fija 040908s1854 it |||| | ita d
040 ## - FUENTE DE CATALOGACIÓN
Centro catalogador/agencia de origen CAM
Lengua de catalogación spa
Centro/agencia transcriptor CAM
100 1# - ENTRADA PRINCIPAL--NOMBRE DE PERSONA
Nombre de persona Martini, Pietro.
9 (RLIN) 129585
245 10 - MENCIÓN DEL TÍTULO
Título Studi storico-politici sulle libertà moderne d'Europa dal 1789 al 1852 /
Mención de responsabilidad, etc. per Pietro Martini.
260 ## - PUBLICACIÓN, DISTRIBUCIÓN, ETC.
Lugar de publicación, distribución, etc. Cagliari :
Nombre del editor, distribuidor, etc. [s.n.],
Fecha de publicación, distribución, etc. 1854 (
Fabricante Tip. di A. Timon)
300 ## - DESCRIPCIÓN FÍSICA
Extensión 448 p. ;
Dimensiones 18 cm.
650 #4 - PUNTO DE ACCESO ADICIONAL DE MATERIA--TÉRMINO DE MATERIA
Término de materia o nombre geográfico como elemento de entrada Libertad-
Subdivisión geográfica Europa-
Subdivisión cronológica 1789-1852.
9 (RLIN) 223067
651 ## - PUNTO DE ACCESO ADICIONAL DE MATERIA--NOMBRE GEOGRÁFICO
Nombre geográfico Europa-
Subdivisión general Historia-
Subdivisión cronológica 1789-1852.
9 (RLIN) 223069
752 ## - ENTRADA AGREGADA--NOMBRE JERÁRQUICO DEL LUGAR
País o entidad superior Italia -
Jurisdicción política de primer nivel Cerdeña -
Ciudad Cagliari
852 ## - LOCALIZACIÓN
Ubicación ES-MaACL
Número de control de estantería G-9883
Nota libre -- Enc. hol.
Existencias
Estatus retirado Estado de pérdida Estado de daño No para préstamo Colección Biblioteca de origen Biblioteca actual Ubicación en estantería Fecha de adquisición Fuente de adquisición Total de préstamos Signatura topográfica completa Código de barras Visto por última vez Precio de reemplazo Tipo de ítem Koha
        Libros del s. XIX Biblioteca del Ateneo de Madrid Biblioteca del Ateneo de Madrid Sala Pecera Planta 3 17/01/2008     G-9883 1166492 23/02/2023 23/02/2023 Libro impreso antiguo